KCN and linamarin applications and the translocation incompatibility of crown clones of Hevea sp. budded onto IPA 1 (Record no. 61845)

MARC details
000 -LEADER
fixed length control field 01817nam a2200229Ia 4500
100 ## - MAIN ENTRY--AUTHOR NAME
Personal name Moraes L A C
245 #0 - TITLE STATEMENT
Title KCN and linamarin applications and the translocation incompatibility of crown clones of Hevea sp. budded onto IPA 1
260 ## - PUBLICATION, DISTRIBUTION, ETC. (IMPRINT)
Name of publisher Scientia Agricola
Year of publication 2001
300 ## - PHYSICAL DESCRIPTION
Number of Pages 717-723
500 ## - GENERAL NOTE
General note Source Year: 2002
520 ## - SUMMARY, ETC.
Summary, etc The effect of potassium cyanide and linamarin on translocation incompatibility of the rubber tree (Hevea brasiliensis) clone IPA 1 was compared with budded crowns of clones of other species. Solutions of KCN were applied causing rapid coagulation of the latex in the laticiphers of IPA 1, at very low concentrations, the same effect being observed in Fx 4098 at higher concentrations. The Fx 4098 clone exhibited a slight reduction of the latex flow at the highest KCN concentration. Linamarin application resulted in necrosis preceded by latex coagulation, which spread further at the stem, indicating a higher mobility of linamarin than KCN. The clone IPA 1 was sensitive to low concentrations of linamarin, with higher concentrations causing the same effects on Fx 4098 and no significant effect on Fx 3864. An accumulation of free HCN was detected in the bark of IPA 1 with linamarin application. The incompatibility with IPA 1 was caused by the translocation of cyanogenic glycosides from the budded crowns to the stem which was deprived with sufficient capacity to remove the HCN liberated by the hydrolysis of cyanogenic glycocides, while Fx 3864 had a very efficient detoxifying capacity.
650 ## - SUBJECT ADDED ENTRY--TOPICAL TERM
Topical Term Crown clones
650 ## - SUBJECT ADDED ENTRY--TOPICAL TERM
Topical Term Hevea
650 ## - SUBJECT ADDED ENTRY--TOPICAL TERM
Topical Term KCN
650 ## - SUBJECT ADDED ENTRY--TOPICAL TERM
Topical Term Linarian application
700 ## - ADDED ENTRY--PERSONAL NAME
Personal name Camargo E C
700 ## - ADDED ENTRY--PERSONAL NAME
Personal name De P R
700 ## - ADDED ENTRY--PERSONAL NAME
Personal name Moraes V H De F
856 ## - ELECTRONIC LOCATION AND ACCESS
Uniform Resource Identifier CPA .28(5)
942 ## - ADDED ENTRY ELEMENTS (KOHA)
Koha item type Journals
Holdings
Withdrawn status Lost status Damaged status Not for loan Home library Current library Shelving location Date acquired Serial Enumeration / chronology Koha item type
      Journals RRII Library RRII Library Botany 01/01/2021 Volume 58, Issue 4 Journals